Statistiken für Fußball Tic Tac Toe - #3

Klicken Sie hier um das Quiz zu spielen!

Allgemein

  • Dieses Quiz wurde 109 mal gespielt
  • Das Durchschnittsergebnis liegt bei 4 aus 9

Antwortstatistiken

Hannover 96% Korrekt
...........X............
81%
...........X............
62%
...........X............
60%
SC Freiburg...........X............
55%
...........X............
53%
VfL Bochum...........X............
16%
...........X............
15%
...........X............
13%
VfB Stuttgart...........X............
4%

Verteilung der Resultate

Perzentil nach korrekt beantworteten Fragen

Anzahl Personen mit jedem Resultat

Ihre Resultats-Entwicklung

Sie haben dieses Quiz noch nicht gespielt